"Pohyb a zdravie IV" vedecké práce z medzinárodnej konferencie, Trenčín, 3.5.2007

Bibliographic Details
Corporate Author: Pohyb a zdravie Trenčín, Slovensko
Format: Conference Proceeding Software eBook
Language:Slovak
Czech
Polish
PhysicalDescription:1 elektronický optický disk (CD-ROM) 12 cm
Published: Trenčín Trenčianska univerzita Alexandra Dubčeka 2007
ISBN:9788080752200 (CDROM)
Subjects:

MARC

LEADER 00000nam a2200000 a 4500
001 vtls009149301
003 SK-MaSNL
005 20260302005444.0
007 co cgu mnuua
008 071012s2007 xo d fs 100 0 slo
015 |a SNBS2007 
020 |a 9788080752200 (CDROM) 
040 |a SNK  |b slo  |c SNK  |e AACR2 
041 0 |a slo  |a cze  |a pol 
044 |a xo  |c SK 
072 7 |a 613.7  |x Zdravie a hygiena voľného času, rekreácie a spánku  |2 konspekt 
080 |a 796/799  |2 2001 
080 |a 613.71/.73  |2 2001 
080 |a 615.825  |2 2001 
080 |a 613  |2 2001 
080 |a (062.534)  |2 2001 
080 |a (0.034.44)  |2 2001 
111 2 |a Pohyb a zdravie  |n (4. :  |d 2007 :  |c Trenčín, Slovensko)  |9 107531 
245 1 0 |a "Pohyb a zdravie IV"  |h elektronický zdroj  |b vedecké práce z medzinárodnej konferencie, Trenčín, 3.5.2007 
246 1 1 |a Physical Activities and Human Health 
256 |a Elektronické dokumenty 
260 |a Trenčín  |b Trenčianska univerzita Alexandra Dubčeka  |c 2007 
300 |a 1 elektronický optický disk (CD-ROM)  |c 12 cm 
504 |a Bibliogr. odkazy 
546 |a Čiast. text čes., poľ. 
650 0 7 |a šport  |x zdravotné aspekty  |2 SNKPH  |9 472706 
650 0 7 |a pohybová aktivita  |x zdravotné aspekty  |2 SNKPH  |9 472707 
650 0 7 |a pohybová terapia  |2 SNKPH  |9 2567 
650 0 7 |a starostlivosť o zdravie  |2 SNKPH  |9 1302 
655 7 |a zborníky konferencií  |2 SNKPH  |9 70153 
655 7 |a CD-ROM  |2 SNKPH  |9 70236 
919 |a 978-80-8075-220-0 
999 |c 999523  |d 1001453 
952 |a SNK  |b SNK  |y PREZ  |7 0  |p 17A0564655  |o snkSCDM 1551  |i snk2007/22104  |8 0  |0 0  |1 0  |4 0  |d 2007-10-12  |l 0  |r 2026-02-24 12:15:27  |w 2026-02-24 
952 |t snkPOH 613  |a SNKMST  |b SNKMST  |y PREZ  |7 0  |p 17A0564656  |o snkSCDM 1551 D1  |i snk2007/22106  |8 0  |0 0  |1 0  |4 0  |d 2007-10-12  |l 0  |r 2025-08-12 00:00:00  |w 2026-02-24